Quản lý nhà nước đối với các tổ chức xã hội và dịch vụ thể dục thể thao
Nêu một số vấn đề quản lí nhà nước đối với tổ chức xã hội, tổ chức xã hội - nghề nghiệp, tổ chức cung ứng dịch vụ về thể dục thể thao
Сохранить в:
| Главный автор: | |
|---|---|
| Формат: | |
| Язык: | Vietnamese |
| Опубликовано: |
H.
Thể dục Thể thao
2015
|
| Предметы: | |
| Метки: |
Добавить метку
Нет меток, Требуется 1-ая метка записи!
|
| Thư viện lưu trữ: | Mạng thư viện Đại học Đà Nẵng |
|---|
| LEADER | 01595aam a22003978a 4500 | ||
|---|---|---|---|
| 001 | 000023932 | ||
| 003 | 20385 | ||
| 005 | 20160509090512.0 | ||
| 008 | 160506s2015 viesd | ||
| 020 | |d 2500b | ||
| 041 | 0 | |a vie | |
| 082 | 0 | 4 | |2 23 |a 353.7809597 |b VU-L |
| 100 | 1 | |a Vũ Trọng Lợi | |
| 245 | 1 | 0 | |a Quản lý nhà nước đối với các tổ chức xã hội và dịch vụ thể dục thể thao |c Vũ Trọng Lợi |
| 260 | |a H. |b Thể dục Thể thao |c 2015 | ||
| 300 | |a 180 tr. |c 19 cm. | ||
| 504 | |a Thư mục tr.180 | ||
| 520 | |a Nêu một số vấn đề quản lí nhà nước đối với tổ chức xã hội, tổ chức xã hội - nghề nghiệp, tổ chức cung ứng dịch vụ về thể dục thể thao | ||
| 650 | 0 | 4 | |2 Bộ TK TVQG |a Thể dục thể thao |x Quản lý nhà nước |z Việt Nam |
| 650 | 0 | 4 | |2 Bộ TK TVQG |a Tổ chức xã hội |x Quản lý nhà nước |z Việt Nam |
| 650 | 7 | |2 Bộ TK TVQG | |
| 650 | 7 | |2 Bộ TK TVQG | |
| 653 | |a Quản lý nhà nước | ||
| 653 | |a Tổ chức xã hội | ||
| 653 | |a Dịch vụ | ||
| 653 | |a Thể dục thể thao | ||
| OWN | |a LSP | ||
| AVA | |a UDN50 |b LSP |d 353.7809597 VU-L |e available |t Error 5001 Not defined in file expand_doc_bib_avail. |f 5 |g 0 |h N |i 0 |k 1 | ||
| 999 | |a From the UDN01 | ||
| AVA | |a UDN50 |b LSP |d 353.7809597 VU-L |e available |t Error 5001 Not defined in file expand_doc_bib_avail. |f 5 |g 0 |h N |i 0 |k 1 | ||
| TYP | |a Monograph | ||
| TYP | |a Printed language | ||
| 980 | |a Mạng thư viện Đại học Đà Nẵng | ||